| 000 | 00590nam a2200181Ia 4500 | ||
|---|---|---|---|
| 003 | GCL | ||
| 008 | 140319s9999 xx 000 0 ara d | ||
| 040 |
_aGCL / _cGCL |
||
| 082 | 0 | 4 |
_a636.07 _bم ا |
| 100 | 1 | _aمحمد سعيد محمد سامى | |
| 245 | 1 | 0 |
_aالانتاج التجارى لدجاج اللحم / _cمحمد سعيد محمد سامى |
| 700 | 1 | _aمحمد جمال الدين قمر | |
| 260 |
_a[S.N] : _bدار الفكر العربى ، _c1985 |
||
| 490 | _a | ||
| 650 | 0 | 4 | _aالانتاج الحيوانى |
| 650 | 0 | 4 | _aالطب البيطرى |
| 942 |
_2ddc _cBK |
||
| 999 |
_c55183 _d55183 |
||